[Event "Titled Tuesday intern op 11th Feb Early"]
[Site "Chess.com INT"]
[Date "2025.02.11"]
[Round "6"]
[White "Abad Huaman, Adrian Estiven"]
[Black "Santos Flores, Alberto Javier"]
[Result "0-1"]
[WhiteElo "2046"]
[BlackElo "2230"]
[PlyCount "44"]
[EventDate "2025.02.11"]
[EventType "swiss (blitz)"]
[EventRounds "11"]
[EventCountry "USA"]
[SourceTitle "CB08_2025"]
[SourceDate "2025.02.19"]
[SourceVersion "1"]
[SourceVersionDate "2025.02.19"]
[SourceQuality "1"]

1. d4 Nf6 2. c4 d6 3. Nc3 e5 4. dxe5 dxe5 5. Qxd8+ Kxd8 6. Bg5 Be6 7. 0-0-0+ Nbd7 8. e3 c6 9. f3 Kc7 10. e4 a5 11. Kb1 Bb4 12. Nge2 Bxc4 13. a3 Be7 14. Ng3 Be6 15. f4 h6 16. Bxf6 Bxf6 17. f5 Bb3 18. Re1 Rhd8 19. Bd3 Nc5 20. Bc2 Rd2 21. Re2 Bxc2+ 22. Kc1 Nb3# 0-1

[Event "Titled Tuesday intern op 11th Feb Early"]
[Site "Chess.com INT"]
[Date "2025.02.11"]
[Round "1"]
[White "Santos Flores, Alberto Javier"]
[Black "Bartel, Mateusz"]
[Result "0-1"]
[WhiteElo "2230"]
[BlackElo "2629"]
[PlyCount "144"]
[EventDate "2025.02.11"]
[EventType "swiss (blitz)"]
[EventRounds "11"]
[EventCountry "USA"]
[SourceTitle "CB09_2025"]
[SourceDate "2025.02.27"]
[SourceVersion "1"]
[SourceVersionDate "2025.02.27"]
[SourceQuality "1"]

1. e4 c5 2. Nf3 Nf6 3. Nc3 Nc6 4. d4 cxd4 5. Nxd4 d6 6. Bg5 Qb6 7. Ndb5 a6 8. Bxf6 gxf6 9. Nd5 Qa5+ 10. Nbc3 Qd8 11. Qh5 e6 12. Ne3 Qa5 13. Qxa5 Nxa5 14. Nc4 Nxc4 15. Bxc4 b5 16. Bb3 Bb7 17. f3 h5 18. Rd1 h4 19. Kf2 Rc8 20. g4 Ke7 21. a4 b4 22. Ne2 Bh6 23. Rd4 a5 24. Rhd1 Rhd8 25. c4 bxc3 26. Nxc3 Bf4 27. Kg2 h3+ 28. Kf2 Bxh2 29. Nb5 Be5 30. R4d2 Bf4 31. Rd3 Ba6 32. Rc3 Rxc3 33. bxc3 Rc8 34. c4 Rh8 35. Rh1 Bb7 36. Bc2 Bc6 37. Bd3 h2 38. Kg2 Bd7 39. Rb1 Rb8 40. Rh1 Rc8 41. Rb1 Kf8 42. Rh1 Kg7 43. Rb1 Rb8 44. Rd1 Bc6 45. Bc2 Rd8 46. Bb3 Kg6 47. Rh1 Kg5 48. Rd1 Bb7 49. Nc3 Rc8 50. Nb5 Rh8 51. Rh1 Bc6 52. Nd4 Bd7 53. Nb5 f5 54. exf5 exf5 55. gxf5 Bxf5 56. Nd4 Bh3+ 57. Kf2 Re8 58. Ne2 Rxe2+ 59. Kxe2 Bg2 60. Rxh2 Bxh2 61. c5 dxc5 62. Bxf7 Kf4 63. Bd5 Bh3 64. Kf2 Bg3+ 65. Ke2 Bf5 66. Bc6 Ke5 67. Kd2 Kd4 68. Kc1 Bf4+ 69. Kb2 c4 70. Be4 c3+ 71. Kc2 Bxe4+ 72. fxe4 Be5 0-1

[Event "Cusco zt 2.4"]
[Site "Cusco"]
[Date "2025.02.01"]
[Round "7"]
[White "Santos Flores, Alberto Javier"]
[Black "Fernandez Monteza, Fabian Arturo"]
[Result "1-0"]
[WhiteElo "2230"]
[BlackElo "1864"]
[PlyCount "99"]
[EventDate "2025.01.28"]
[EventType "swiss"]
[EventRounds "9"]
[EventCountry "PER"]
[SourceTitle "CB06_2025"]
[SourceDate "2025.02.05"]
[SourceVersion "1"]
[SourceVersionDate "2025.02.05"]
[SourceQuality "1"]

1. d4 Nf6 2. Nf3 e6 3. c4 b6 4. g3 Bb7 5. Bg2 Be7 6. 0-0 0-0 7. d5 exd5 8. Nh4 c6 9. cxd5 Nxd5 10. Nf5 Nc7 11. e4 d5 12. Re1 Re8 13. exd5 Nxd5 14. Nc3 Bf6 15. Rxe8+ Qxe8 16. Nxd5 cxd5 17. Nd6 Qe7 18. Nxb7 Nc6 19. Bf4 Qxb7 20. Qxd5 Rd8 21. Qxc6 Qxc6 22. Bxc6 Bxb2 23. Re1 Ba3 24. Re8+ Rxe8 25. Bxe8 Kf8 26. Bb5 Ke7 27. Kf1 f6 28. h4 Ke6 29. Bc4+ Kd7 30. Bd5 Be7 31. Ke2 g5 32. hxg5 fxg5 33. Bb8 a5 34. a4 Bc5 35. g4 Ke7 36. f3 Bd6 37. Bxd6+ Kxd6 38. Be4 h6 39. Ke3 Kc5 40. Bd3 Kd5 41. Bb5 Ke5 42. Be8 Kd5 43. Kd3 Ke5 44. Kc4 h5 45. gxh5 g4 46. fxg4 Kf6 47. Kb5 Kg5 48. Kxb6 Kh6 49. Kxa5 Kg5 50. Kb6 1-0

[Event "Cusco zt 2.4"]
[Site "Cusco"]
[Date "2025.01.31"]
[Round "6"]
[White "Alvarado Zamora, Albert"]
[Black "Santos Flores, Alberto Javier"]
[Result "1-0"]
[WhiteElo "2152"]
[BlackElo "2230"]
[PlyCount "123"]
[EventDate "2025.01.28"]
[EventType "swiss"]
[EventRounds "9"]
[EventCountry "PER"]
[SourceTitle "CB06_2025"]
[SourceDate "2025.02.05"]
[SourceVersion "1"]
[SourceVersionDate "2025.02.05"]
[SourceQuality "1"]

1. b3 d5 2. Bb2 Bf5 3. Nf3 h6 4. e3 e6 5. Nc3 Nf6 6. Ne2 Bd6 7. Ng3 Bh7 8. Ne5 Be7 9. Bd3 Bxd3 10. cxd3 c5 11. 0-0 Nc6 12. f4 Rc8 13. f5 Nxe5 14. Bxe5 0-0 15. d4 cxd4 16. exd4 Bd6 17. Qf3 Ne4 18. fxe6 fxe6 19. Qg4 Qd7 20. Nxe4 dxe4 21. Bxg7 Qxg7 22. Qxe6+ Kh8 23. Qxd6 Rfd8 24. Qf4 Qxd4+ 25. Kh1 Rc6 26. Rae1 Re6 27. Re2 Qd6 28. h3 Qxf4 29. Rxf4 Red6 30. Rfxe4 Rxd2 31. Rxd2 Rxd2 32. a3 Rd7 33. Kh2 Kg7 34. b4 Kf6 35. a4 h5 36. Kg3 Kg5 37. Re5+ Kg6 38. Kf4 Rf7+ 39. Ke3 Rd7 40. a5 Rc7 41. h4 Rd7 42. g3 Rc7 43. Kd4 Rd7+ 44. Kc4 Rc7+ 45. Kd5 Rd7+ 46. Ke4 Rc7 47. Re6+ Kf7 48. Kd5 Rc3 49. Rh6 b6 50. a6 b5 51. Rxh5 Rc4 52. Rf5+ Kg6 53. Rf4 Rc3 54. g4 Ra3 55. Kc5 Rxa6 56. Kxb5 Ra1 57. Rc4 Rh1 58. Rc6+ Kf7 59. h5 Rh4 60. Rc4 Rh1 61. Rc7+ Kf6 62. Rxa7 1-0

[Event "Titled Tuesday intern op 14th Jan Early"]
[Site "Chess.com INT"]
[Date "2025.01.14"]
[Round "9"]
[White "Gressmann, Moritz"]
[Black "Santos Flores, Alberto Javier"]
[Result "0-1"]
[WhiteElo "2122"]
[BlackElo "2230"]
[PlyCount "80"]
[EventDate "2025.01.14"]
[EventType "swiss (blitz)"]
[EventRounds "11"]
[EventCountry "USA"]
[SourceTitle "CB04_2025"]
[SourceDate "2025.01.22"]
[SourceVersion "1"]
[SourceVersionDate "2025.01.22"]
[SourceQuality "1"]

1. e4 c5 2. b4 cxb4 3. a3 bxa3 4. Bxa3 g6 5. Bb2 Nf6 6. e5 Nd5 7. c4 Nb6 8. Qf3 Bg7 9. c5 0-0 10. cxb6 Qxb6 11. Qa3 Nc6 12. Nf3 d6 13. d4 dxe5 14. dxe5 Nb4 15. Qc3 Bf5 16. Na3 Rac8 17. Qd4 Qa5 18. Nc4 Nc2+ 19. Kd1 Qb4 20. Qc3 Rfd8+ 21. Kc1 Qxc3 22. Bxc3 Nxa1 23. Kb2 Nc2 24. Be2 b5 25. Na5 b4 26. Bd2 Nd4 27. Nxd4 Rxd4 28. Be3 Rd5 29. Nc4 Bd3 30. Bxd3 Rxd3 31. Rc1 Rc3 32. Rxc3 bxc3+ 33. Kxc3 Bxe5+ 34. Kb4 Bxh2 35. g3 a6 36. Nd2 Rc1 37. Nf3 Rb1+ 38. Ka5 Bg1 39. Kxa6 Rf1 40. Nd2 Ra1+ 0-1

[Event "Titled Tuesday intern op 14th Jan Early"]
[Site "Chess.com INT"]
[Date "2025.01.14"]
[Round "10"]
[White "Santos Flores, Alberto Javier"]
[Black "Dinesh, Rajan M"]
[Result "0-1"]
[WhiteElo "2230"]
[BlackElo "2189"]
[PlyCount "93"]
[EventDate "2025.01.14"]
[EventType "swiss (blitz)"]
[EventRounds "11"]
[EventCountry "USA"]
[SourceTitle "CB04_2025"]
[SourceDate "2025.01.22"]
[SourceVersion "1"]
[SourceVersionDate "2025.01.22"]
[SourceQuality "1"]

1. e4 c5 2. Nf3 Nc6 3. Nc3 e6 4. d4 cxd4 5. Nxd4 Nf6 6. Ndb5 Bb4 7. Bf4 Nxe4 8. Qf3 d5 9. Nc7+ Kf8 10. 0-0-0 Nxc3 11. bxc3 Ba3+ 12. Kb1 Rb8 13. c4 Bd6 14. cxd5 Bxc7 15. Bxc7 Qxc7 16. dxc6 bxc6+ 17. Ka1 Qe5+ 18. c3 g6 19. Bc4 Kg7 20. Rhe1 Qf6 21. Qxf6+ Kxf6 22. Re3 Ke7 23. f4 Rd8 24. Rxd8 Kxd8 25. g4 Rb7 26. g5 Rd7 27. Rh3 e5 28. Rxh7 exf4 29. Rxf7 Rxf7 30. Bxf7 f3 31. Bxg6 Ba6 32. Be4 f2 33. Bg2 Ke7 34. Kb2 Bc4 35. h4 Ke6 36. h5 Kf5 37. h6 Bg8 38. Ka3 Kxg5 39. Kb4 Kxh6 40. a4 Bd5 41. Bf1 Kg5 42. Ka5 Kf4 43. Ka6 Ke3 44. Kxa7 Bf3 45. Kb6 Be2 46. Bh3 Kf3 47. Bc8 0-1

[Event "Iberoamerican-ch 10th"]
[Site "Linares"]
[Date "2024.09.26"]
[Round "3"]
[White "Fernandez Sanchez, Fernando Miguel"]
[Black "Santos Flores, Alberto Javier"]
[Result "1/2-1/2"]
[WhiteElo "2399"]
[BlackElo "2168"]
[PlyCount "220"]
[EventDate "2024.09.25"]
[EventType "swiss"]
[EventRounds "9"]
[EventCountry "ESP"]
[SourceTitle "EXT 2025"]
[Source "ChessBase"]
[SourceDate "2024.10.14"]
[SourceVersion "1"]
[SourceVersionDate "2024.10.14"]
[SourceQuality "1"]

1. c4 e6 2. g3 d5 3. Bg2 dxc4 4. Qa4+ Nd7 5. Qxc4 a6 6. Qc2 Ngf6 7. Nf3 c5 8. 0-0 Qc7 9. d4 Bd6 10. Rd1 b5 11. Ne5 Bb7 12. Nxd7 Nxd7 13. d5 exd5 14. Bxd5 Bxd5 15. Rxd5 Nf6 16. Rf5 Qc6 17. b3 0-0 18. Bb2 Be7 19. Nd2 Rac8 20. Rc1 Qd7 21. Nf1 c4 22. Ne3 cxb3 23. Qxb3 Rxc1+ 24. Bxc1 Ng4 25. Qd5 Qc7 26. Nxg4 Qxc1+ 27. Kg2 Qc4 28. Ne3 Qxd5+ 29. Rxd5 Rb8 30. Rd7 Bc5 31. Nd5 Kf8 32. Rc7 Bd4 33. e3 Rd8 34. Nb4 Bb6 35. Rb7 Rd6 36. Rb8+ Bd8 37. Nxa6 Rxa6 38. Rxd8+ Ke7 39. Rb8 Rxa2 40. Rxb5 g6 41. g4 h6 42. h4 Kf6 43. h5 g5 44. Rf5+ Kg7 45. Kg3 Ra1 46. Kg2 Ra2 47. Kf3 Ra1 48. Rd5 Rg1 49. Rc5 Kf6 50. Rc6+ Kg7 51. Rb6 Kh7 52. Rf6 Kg7 53. Ra6 Kh7 54. Ra8 Kg7 55. Ra2 Kf6 56. Rb2 Kg7 57. Rd2 Kf6 58. Rd4 Kg7 59. Ke2 Ra1 60. Kd3 Rg1 61. f3 Rg2 62. Ke4 Rg3 63. Rd5 Kh7 64. Rd1 Kg7 65. Rf1 Rg2 66. Kf5 Ra2 67. Rd1 Ra5+ 68. Ke4 Ra8 69. Rd5 Ra4+ 70. Kd3 Ra3+ 71. Ke2 Ra2+ 72. Rd2 Ra4 73. Rd4 Ra2+ 74. Rd2 Ra4 75. e4 Ra3 76. Rd3 Ra2+ 77. Ke3 Ra1 78. Rc3 Ra5 79. Kd4 Ra4+ 80. Kd5 Ra5+ 81. Kd4 Ra4+ 82. Ke3 Ra5 83. Rd3 Kf6 84. Kd4 Ra4+ 85. Kd5 Ra5+ 86. Kc6 Ra6+ 87. Kb5 Ra1 88. Rd5 Rc1 89. Rf5+ Kg7 90. Rc5 Rf1 91. Rc3 Kf6 92. Kc6 Rd1 93. Rc5 Rd3 94. Rf5+ Kg7 95. e5 Rd1 96. Kc5 Rd2 97. Rf6 Rd1 98. Kc6 Rd3 99. Kc7 Rd1 100. Rf5 Rd2 101. Kc6 Rd3 102. Rf6 Rd1 103. Rd6 Re1 104. Kd5 Re3 105. Rf6 Ra3 106. Ke4 Ra4+ 107. Ke3 Ra3+ 108. Kd4 Ra4+ 109. Kd3 Ra3+ 110. Kd4 Ra4+ 1/2-1/2

[Event "Olympiad-45"]
[Site "Budapest"]
[Date "2024.09.19"]
[Round "8.1"]
[White "Oatlhotse, Providence"]
[Black "Santos Flores, Alberto Javier"]
[Result "1-0"]
[WhiteElo "2239"]
[BlackElo "2168"]
[PlyCount "101"]
[EventDate "2024.09.11"]
[EventType "team-swiss"]
[EventRounds "11"]
[EventCountry "HUN"]
[SourceTitle "EXT 2025"]
[Source "ChessBase"]
[SourceDate "2024.10.14"]
[SourceVersion "1"]
[SourceVersionDate "2024.10.14"]
[SourceQuality "1"]
[WhiteTeam "Botswana"]
[BlackTeam "Ecuador"]
[WhiteTeamCountry "BOT"]
[BlackTeamCountry "ECU"]

1. Nf3 d5 2. g3 Nf6 3. Bg2 e6 4. 0-0 Be7 5. d3 c5 6. Nbd2 Nc6 7. e4 0-0 8. Re1 b5 9. e5 Nd7 10. Nf1 a5 11. h4 b4 12. N1h2 a4 13. Ng4 a3 14. b3 Nd4 15. Bf4 Ba6 16. Nxd4 cxd4 17. Nh2 Rc8 18. Rc1 Nb8 19. Qg4 Kh8 20. Nf3 Nc6 21. Bg5 Rc7 22. Bf1 Qd7 23. Kg2 Rfc8 24. Qf4 Bf8 25. h5 Na7 26. h6 g6 27. Nh2 Rxc2 28. Rxc2 Rxc2 29. Ng4 Qc7 30. Bf6+ Kg8 31. Bg7 Be7 32. Qxd4 Nc6 33. Qf4 d4 34. Kg1 Bb7 35. Bg2 Qd7 36. Bf6 Bf8 37. Bg5 Qc7 38. Nf6+ Kh8 39. Ne8 Qd7 40. Nd6 Kg8 41. Nxb7 Qxb7 42. Rc1 Rc3 43. Qe4 Qb5 44. Rxc3 bxc3 45. Qxc6 Qxe5 46. Bf4 Qe1+ 47. Bf1 f6 48. Qc8 Kf7 49. Qd7+ Kg8 50. Bd6 c2 51. Qc8 1-0

[Event "Titled Tuesday intern op 17th Sep Early"]
[Site "Chess,com INT"]
[Date "2024.09.17"]
[Round "3"]
[White "Mikhalevski, Victor"]
[Black "Santos Flores, Alberto Javier"]
[Result "1/2-1/2"]
[WhiteElo "2482"]
[BlackElo "2168"]
[PlyCount "159"]
[EventDate "2024.09.17"]
[EventType "swiss (blitz)"]
[EventRounds "11"]
[EventCountry "USA"]
[SourceTitle "EXT 2025"]
[Source "ChessBase"]
[SourceDate "2024.10.14"]
[SourceVersion "1"]
[SourceVersionDate "2024.10.14"]
[SourceQuality "1"]

1. Nf3 d5 2. g3 Nf6 3. Bg2 e6 4. 0-0 Be7 5. c4 dxc4 6. Qa4+ Nbd7 7. Na3 a6 8. Qxc4 b5 9. Qb3 Bb7 10. d3 0-0 11. Bd2 c5 12. Rfc1 Rc8 13. Qd1 Bd6 14. Nc2 Qb6 15. a4 Ne5 16. Nce1 Nxf3+ 17. Nxf3 Nd5 18. Qb3 Nf6 19. Bc3 Bd5 20. Qd1 Nd7 21. b3 Qb7 22. Rab1 Be7 23. Qd2 Bf6 24. h4 Bxc3 25. Qxc3 Nf6 26. axb5 axb5 27. Ra1 Nd7 28. Qb2 Ra8 29. b4 c4 30. dxc4 bxc4 31. Ne1 Rxa1 32. Rxa1 Bxg2 33. Nxg2 Rb8 34. Qd4 Qd5 35. Rd1 Qxd4 36. Rxd4 Ne5 37. b5 c3 38. Ne3 Rc8 39. f4 Ng6 40. b6 Kf8 41. h5 Ne7 42. Kf2 Ke8 43. Nc2 Rb8 44. Rd3 Nd5 45. e4 Nf6 46. Kf3 Rxb6 47. h6 gxh6 48. Rxc3 h5 49. Ne3 Rb1 50. e5 Ng4 51. Nxg4 hxg4+ 52. Kxg4 Kf8 53. Kg5 Kg7 54. g4 Rg1 55. Rc7 Rg2 56. Rd7 Rg1 57. Rc7 Rg2 58. Rb7 Rg1 59. f5 exf5 60. e6 h6+ 61. Kxf5 Rf1+ 62. Ke5 Re1+ 63. Kf5 Rxe6 64. g5 hxg5 65. Kxg5 Re5+ 66. Kf4 Ra5 67. Rb6 f6 68. Rb8 Kg6 69. Rg8+ Kf7 70. Rh8 Ra4+ 71. Kf5 Ra5+ 72. Kf4 Kg6 73. Rg8+ Kh7 74. Rb8 Kg7 75. Rc8 Kf7 76. Rb8 Ke7 77. Rc8 Ke6 78. Re8+ Kf7 79. Rb8 Kg6 80. Rg8+ 1/2-1/2

[Event "Titled Tuesday intern op 17th Sep Early"]
[Site "Chess,com INT"]
[Date "2024.09.17"]
[Round "1"]
[White "Santos Flores, Alberto Javier"]
[Black "Wirig, Anthony"]
[Result "0-1"]
[WhiteElo "2168"]
[BlackElo "2430"]
[PlyCount "76"]
[EventDate "2024.09.17"]
[EventType "swiss (blitz)"]
[EventRounds "11"]
[EventCountry "USA"]
[SourceTitle "EXT 2025"]
[Source "ChessBase"]
[SourceDate "2024.10.14"]
[SourceVersion "1"]
[SourceVersionDate "2024.10.14"]
[SourceQuality "1"]

1. e4 a6 2. d4 e6 3. Nf3 d5 4. e5 Bd7 5. Bd3 Bb5 6. Rg1 Bxd3 7. Qxd3 c5 8. c3 Nc6 9. Be3 Qb6 10. Qe2 Rc8 11. Kf1 cxd4 12. cxd4 Nge7 13. g4 h5 14. h3 hxg4 15. hxg4 Ng6 16. Nc3 Be7 17. Rc1 Na5 18. Nd2 Nc4 19. Nxc4 Rxc4 20. f3 Kd7 21. Qd2 Bb4 22. a3 Bxc3 23. Rxc3 Rhc8 24. Rxc4 Rxc4 25. Kf2 Qb3 26. Rc1 Ne7 27. Rxc4 dxc4 28. Qc3 Qxc3 29. bxc3 Nd5 30. Bd2 Kc6 31. f4 Kb5 32. f5 Ka4 33. Kf3 Kb3 34. Ke4 b5 35. g5 g6 36. fxg6 fxg6 37. Be1 Kxa3 38. Bd2 Kb2 0-1

[Event "Olympiad-45"]
[Site "Budapest"]
[Date "2024.09.16"]
[Round "6.33"]
[White "Dardha, Daniel"]
[Black "Santos Flores, Alberto Javier"]
[Result "1-0"]
[WhiteElo "2603"]
[BlackElo "2168"]
[PlyCount "63"]
[EventDate "2024.09.11"]
[EventType "team-swiss"]
[EventRounds "11"]
[EventCountry "HUN"]
[SourceTitle "EXT 2025"]
[Source "ChessBase"]
[SourceDate "2024.10.14"]
[SourceVersion "1"]
[SourceVersionDate "2024.10.14"]
[SourceQuality "1"]
[WhiteTeam "Belgium"]
[BlackTeam "Ecuador"]
[WhiteTeamCountry "BEL"]
[BlackTeamCountry "ECU"]

1. c4 c6 2. Nf3 d5 3. e3 Nf6 4. d4 a6 5. Nc3 b5 6. b3 Bg4 7. h3 Bxf3 8. Qxf3 e5 9. dxe5 Bb4 10. Bd2 Bxc3 11. Bxc3 Ne4 12. Bb4 bxc4 13. bxc4 Qb6 14. Rb1 a5 15. cxd5 cxd5 16. Bc4 Qc6 17. e6 Nf6 18. Ba3 Qxc4 19. Rc1 Qa6 20. exf7+ Kxf7 21. Rc7+ Kg8 22. Qf5 g6 23. Qe5 Nbd7 24. Rxd7 Nxd7 25. Qxd5+ Kg7 26. Qxd7+ Kh6 27. g4 Qc4 28. f4 Qc3+ 29. Kf2 Qc2+ 30. Kg3 g5 31. fxg5+ Kg6 32. Rc1 1-0

[Event "Olympiad-45"]
[Site "Budapest"]
[Date "2024.09.15"]
[Round "5.57"]
[White "Santos Flores, Alberto Javier"]
[Black "Bemmelen Van, Ursus"]
[Result "1/2-1/2"]
[WhiteElo "2168"]
[BlackElo "2146"]
[PlyCount "107"]
[EventDate "2024.09.11"]
[EventType "team-swiss"]
[EventRounds "11"]
[EventCountry "HUN"]
[SourceTitle "EXT 2025"]
[Source "ChessBase"]
[SourceDate "2024.10.14"]
[SourceVersion "1"]
[SourceVersionDate "2024.10.14"]
[SourceQuality "1"]
[WhiteTeam "Ecuador"]
[BlackTeam "Netherlands Antilles"]
[WhiteTeamCountry "ECU"]
[BlackTeamCountry "AHO"]

1. e4 c5 2. Nf3 e6 3. g3 b6 4. Bg2 Bb7 5. d3 d6 6. 0-0 Nf6 7. c3 Be7 8. Nbd2 0-0 9. a3 Qc7 10. Rb1 Nbd7 11. Re1 Rac8 12. Qe2 Ba6 13. b3 Ng4 14. c4 Bf6 15. b4 cxb4 16. Rxb4 Nge5 17. Nxe5 dxe5 18. Rb1 Rfd8 19. Nb3 b5 20. cxb5 Bxb5 21. Be3 Qc6 22. Bf1 Qa6 23. Qb2 Bxd3 24. Bxd3 Qxd3 25. Bxa7 Rc2 26. Nc1 Qd2 27. Qb4 Be7 28. Qxd2 Rxd2 29. Be3 Rc2 30. Rb7 Bc5 31. Rc7 Rc3 32. Rd1 Rxe3 33. Rxc5 Re1+ 34. Rxe1 Nxc5 35. Na2 Ra8 36. Re3 g5 37. g4 Kg7 38. Kg2 Kg6 39. Nb4 h5 40. h3 h4 41. Kf3 f5 42. exf5+ exf5 43. Rxe5 Rxa3+ 44. Kg2 fxg4 45. Rxc5 gxh3+ 46. Kh2 g4 47. Rc2 Rf3 48. Nc6 Rxf2+ 49. Rxf2 g3+ 50. Kxh3 gxf2 51. Kg2 h3+ 52. Kxf2 h2 53. Kg2 h1B+ 54. Kxh1 1/2-1/2

[Event "Olympiad-45"]
[Site "Budapest"]
[Date "2024.09.14"]
[Round "4.33"]
[White "Henriquez Villagra, Cristobal"]
[Black "Santos Flores, Alberto Javier"]
[Result "1-0"]
[WhiteElo "2604"]
[BlackElo "2168"]
[PlyCount "73"]
[EventDate "2024.09.11"]
[EventType "team-swiss"]
[EventRounds "11"]
[EventCountry "HUN"]
[SourceTitle "EXT 2025"]
[Source "ChessBase"]
[SourceDate "2024.10.14"]
[SourceVersion "1"]
[SourceVersionDate "2024.10.14"]
[SourceQuality "1"]
[WhiteTeam "Chile"]
[BlackTeam "Ecuador"]
[WhiteTeamCountry "CHI"]
[BlackTeamCountry "ECU"]

1. e4 e6 2. d4 d5 3. e5 c5 4. c3 Qb6 5. Nf3 Nc6 6. Bd3 cxd4 7. 0-0 Bd7 8. Re1 a6 9. Nbd2 dxc3 10. bxc3 Bc5 11. Qe2 Na5 12. Rb1 Qa7 13. Nd4 Ne7 14. N2b3 Nxb3 15. Nxb3 Bb6 16. Ba3 Ng6 17. g3 Ba4 18. h4 Bxb3 19. axb3 Bc5 20. b4 Bb6 21. Rb3 Ne7 22. b5 a5 23. Qg4 Kf8 24. Bxe7+ Kxe7 25. Qxg7 Rag8 26. Qf6+ Ke8 27. Kf1 Qb8 28. c4 d4 29. c5 Bxc5 30. b6 h5 31. Rc1 Be7 32. Qf3 Bd8 33. Rc7 Rg7 34. Rxb7 Qxe5 35. Qc6+ Kf8 36. Rd7 Qb8 37. Qc5+ 1-0

[Event "Olympiad-45"]
[Site "Budapest"]
[Date "2024.09.13"]
[Round "3.62"]
[White "Santos Flores, Alberto Javier"]
[Black "Alrehaili, Ahmed Abdullah S"]
[Result "1/2-1/2"]
[WhiteElo "2168"]
[BlackElo "2117"]
[PlyCount "77"]
[EventDate "2024.09.11"]
[EventType "team-swiss"]
[EventRounds "11"]
[EventCountry "HUN"]
[SourceTitle "EXT 2025"]
[Source "ChessBase"]
[SourceDate "2024.10.14"]
[SourceVersion "1"]
[SourceVersionDate "2024.10.14"]
[SourceQuality "1"]
[WhiteTeam "Ecuador"]
[BlackTeam "Saudi Arabia"]
[WhiteTeamCountry "ECU"]
[BlackTeamCountry "SAU"]

1. e4 e5 2. Nf3 Nc6 3. Bc4 Bc5 4. c3 Nf6 5. d3 0-0 6. 0-0 d5 7. exd5 Nxd5 8. Re1 Bg4 9. Nbd2 Nb6 10. Ne4 Nxc4 11. Nxc5 Nd6 12. h3 Bh5 13. g4 Bg6 14. Nxe5 Nxe5 15. Rxe5 b6 16. Nb3 Nc4 17. Re1 Bxd3 18. Nd4 Bg6 19. b3 Nd6 20. Qf3 Re8 21. Rxe8+ Qxe8 22. Bf4 Rd8 23. Qe3 Qd7 24. Re1 Re8 25. Qc1 Ne4 26. Re3 c5 27. Nf3 f5 28. Ne5 Rxe5 29. Bxe5 fxg4 30. Qe1 Ng5 31. hxg4 Qxg4+ 32. Bg3 Be4 33. Qe2 Qxe2 34. Rxe2 Nf3+ 35. Kg2 Ng5+ 36. Kh2 Nf3+ 37. Kg2 Ng5+ 38. Kh2 Nf3+ 39. Kg2 1/2-1/2

[Event "Titled Tuesday intern op 03rd Sep Early"]
[Site "Chess.com INT"]
[Date "2024.09.03"]
[Round "3"]
[White "Santos Flores, Alberto Javier"]
[Black "Idnani, Taran"]
[Result "1-0"]
[WhiteElo "2168"]
[BlackElo "1993"]
[PlyCount "41"]
[EventDate "2024.09.03"]
[EventType "swiss (blitz)"]
[EventRounds "11"]
[EventCountry "USA"]
[SourceTitle "EXT 2025"]
[Source "ChessBase"]
[SourceDate "2024.10.14"]
[SourceVersion "1"]
[SourceVersionDate "2024.10.14"]
[SourceQuality "1"]

1. e4 c6 2. c4 d5 3. exd5 cxd5 4. cxd5 Nf6 5. Qa4+ Bd7 6. Qb3 Qb6 7. Qxb6 axb6 8. Nc3 Na6 9. Bxa6 bxa6 10. Nf3 b5 11. a3 g6 12. 0-0 0-0-0 13. Re1 Be8 14. d4 Nxd5 15. Bg5 f6 16. Nxd5 Rxd5 17. Bf4 e6 18. Rac1+ Kb7 19. Rc7+ Kb6 20. Rxe6+ Ka5 21. Rxe8 1-0

[Event "Titled Tuesday intern op 03rd Sep Early"]
[Site "Chess.com INT"]
[Date "2024.09.03"]
[Round "6"]
[White "Santos Flores, Alberto Javier"]
[Black "Ser, Daniel"]
[Result "0-1"]
[WhiteElo "2168"]
[BlackElo "2017"]
[PlyCount "72"]
[EventDate "2024.09.03"]
[EventType "swiss (blitz)"]
[EventRounds "11"]
[EventCountry "USA"]
[SourceTitle "EXT 2025"]
[Source "ChessBase"]
[SourceDate "2024.10.14"]
[SourceVersion "1"]
[SourceVersionDate "2024.10.14"]
[SourceQuality "1"]

1. e4 c6 2. c4 d5 3. exd5 cxd5 4. cxd5 Nf6 5. Qa4+ Nbd7 6. Bc4 g6 7. Nc3 Bg7 8. Nf3 0-0 9. d3 a6 10. Qa3 b6 11. 0-0 Bb7 12. Re1 b5 13. Bb3 Re8 14. h3 Nb6 15. d6 exd6 16. Rxe8+ Nxe8 17. Ng5 d5 18. Be3 h6 19. Bxb6 Qxb6 20. Nxd5 Bxd5 21. Bxd5 Ra7 22. Nf3 Rd7 23. Qb3 Nc7 24. Be4 Ne6 25. Rc1 Nd4 26. Nxd4 Bxd4 27. Bxg6 Bxf2+ 28. Kf1 Qf6 29. Ke2 Bg3 30. Be4 Qf2+ 31. Kd1 Bf4 32. Rc8+ Kg7 33. Qc3+ f6 34. Bf3 b4 35. Qe1 Rxd3+ 36. Qd2 Qxd2# 0-1

[Event "Titled Tuesday intern op 27th Aug Early"]
[Site "Chess.com INT"]
[Date "2024.08.27"]
[Round "5"]
[White "Obregon Rivero, Juan Carlos"]
[Black "Santos Flores, Alberto Javier"]
[Result "0-1"]
[WhiteElo "2487"]
[BlackElo "2168"]
[PlyCount "118"]
[EventDate "2024.08.27"]
[EventType "swiss (blitz)"]
[EventRounds "11"]
[EventCountry "USA"]
[SourceTitle "EXT 2025"]
[Source "ChessBase"]
[SourceDate "2024.10.14"]
[SourceVersion "1"]
[SourceVersionDate "2024.10.14"]
[SourceQuality "1"]

1. e4 e6 2. d4 d5 3. Nc3 Nf6 4. Bg5 Bb4 5. e5 h6 6. Bd2 Bxc3 7. bxc3 Ne4 8. Qg4 Kf8 9. Bd3 Nxd2 10. Kxd2 c5 11. h4 Nc6 12. Rh3 c4 13. Be2 Bd7 14. Rg3 Rg8 15. Nh3 b5 16. a3 a5 17. Nf4 Ne7 18. Rf3 Nf5 19. h5 b4 20. Ng6+ fxg6 21. Qxg6 bxc3+ 22. Kxc3 Qg5 23. Qxg5 hxg5 24. g4 Ke7 25. gxf5 exf5 26. Rg3 g4 27. Rgg1 Rh8 28. f3 Rxh5 29. fxg4 fxg4 30. Bxg4 Bxg4 31. Rxg4 Rh3+ 32. Kd2 Rh2+ 33. Ke3 Rh3+ 34. Kf2 Rf8+ 35. Kg2 Rc3 36. Rxg7+ Rf7 37. Rxf7+ Kxf7 38. Ra2 Ke6 39. Kf2 Kf5 40. Ke2 Rh3 41. Rb2 Rxa3 42. Rb5 Ke4 43. e6 Kxd4 44. Kd2 Rh3 45. e7 Rh2+ 46. Kc1 Re2 47. Rb7 Kc3 48. Kb1 d4 49. Rc7 a4 50. Ra7 Re1+ 51. Ka2 Kxc2 52. Rxa4 Kd3 53. Ra7 c3 54. Rc7 Kd2 55. Kb3 Re6 56. Rd7 d3 57. Kc4 Re4+ 58. Kd5 Rxe7 59. Rxe7 c2 0-1